KOHA-Header-6

A Midsummer Night's Dream (Record no. 13355)

000 -LEADER
fixed length control field 00379nam a22001577a 4500
003 - CONTROL NUMBER IDENTIFIER
control field MAJU-Karachi
005 - DATE AND TIME OF LATEST TRANSACTION
control field 20220720100852.0
008 - FIXED-LENGTH DATA ELEMENTS--GENERAL INFORMATION
fixed length control field 220720b ||||| |||| 00| 0 eng d
020 ## - INTERNATIONAL STANDARD BOOK NUMBER
International Standard Book Number 9780007902378
040 ## - CATALOGING SOURCE
Transcribing agency dlc
050 ## - LIBRARY OF CONGRESS CALL NUMBER
Classification number 822.33
Item number 10422
082 ## - DEWEY DECIMAL CLASSIFICATION NUMBER
Edition number 22
Classification number 822.33
Item number 10422
100 ## - MAIN ENTRY--PERSONAL NAME
Personal name William Shakespeare
245 ## - TITLE STATEMENT
Title A Midsummer Night's Dream
942 ## - ADDED ENTRY ELEMENTS (KOHA)
Source of classification or shelving scheme
Koha item type English Literature
Holdings
Withdrawn status Lost status Source of classification or shelving scheme Damaged status Not for loan Permanent Location Current Location Shelving location Date acquired Full call number Barcode Date last seen Price effective from Koha item type
          MAJU MAJU   2022-07-20 822.33 10422 2022-07-20 2022-07-20 English Literature

Powered by Koha